[Event "Sports Meet Chess Tour 55th"]
[Site "New Delhi"]
[Date "2022.12.21"]
[Round "7.4"]
[White "Akshat, Nahata"]
[Black "Upendra, R."]
[Result "0-1"]
[WhiteElo "1368"]
[BlackElo "1742"]
[PlyCount "86"]
[EventDate "2022.12.15"]
[EventType "team-swiss"]
[EventRounds "7"]
[EventCountry "IND"]
[SourceTitle "CBM 212 Extra"]
[Source "ChessBase"]
[SourceDate "2023.03.31"]
[SourceVersion "1"]
[SourceVersionDate "2023.03.31"]
[SourceQuality "1"]
[WhiteTeam "Indore"]
[BlackTeam "Madras"]
[WhiteTeamCountry "IND"]
[BlackTeamCountry "IND"]

1. e4 e6 2. d4 d5 3. Nd2 c5 4. exd5 Qxd5 5. Ngf3 cxd4 6. Bc4 Qd6 7. 0-0 Nf6 8. Nb3 Nc6 9. Nbxd4 Nxd4 10. Qxd4 Qxd4 11. Nxd4 a6 12. a4 Bd7 13. Bf4 Rc8 14. Bb3 Bc5 15. Rad1 0-0 16. h3 Rfd8 17. c3 Nd5 18. Bg3 Bf8 19. Rd2 Nf6 20. Bh4 g5 21. Bxg5 Ne4 22. Rd3 Nxg5 23. Rg3 h6 24. h4 Bd6 25. f4 e5 26. Ne2 exf4 27. Nxf4 Rc5 28. hxg5 hxg5 29. Nd3 Bxg3 30. Nxc5 Bc6 31. Bxf7+ Kh8 32. c4 Bf4 33. Ne6 Be3+ 34. Kh2 Rd2 35. Rf6 Rxg2+ 36. Kh3 g4+ 37. Kh4 Bf3 38. Nf4 Rh2+ 39. Kg5 g3 40. Kg6 Be4+ 41. Kg5 g2 42. Rh6+ Rxh6 43. Kxh6 Bxf4+ 0-1

[Event "Sports Meet Chess Tour 55th"]
[Site "New Delhi"]
[Date "2022.12.20"]
[Round "6.3"]
[White "Dhannawat, Chakshu"]
[Black "Upendra, R."]
[Result "1/2-1/2"]
[WhiteElo "1551"]
[BlackElo "1742"]
[PlyCount "56"]
[EventDate "2022.12.15"]
[EventType "team-swiss"]
[EventRounds "7"]
[EventCountry "IND"]
[SourceTitle "CBM 212 Extra"]
[Source "ChessBase"]
[SourceDate "2023.03.31"]
[SourceVersion "1"]
[SourceVersionDate "2023.03.31"]
[SourceQuality "1"]
[WhiteTeam "Jodhpur"]
[BlackTeam "Madras"]
[WhiteTeamCountry "IND"]
[BlackTeamCountry "IND"]

1. e4 e6 2. d4 d5 3. Nd2 dxe4 4. Nxe4 Nd7 5. Nf3 Ngf6 6. Nxf6+ Nxf6 7. Bf4 c5 8. dxc5 Qxd1+ 9. Rxd1 Bxc5 10. Bb5+ Bd7 11. Bxd7+ Nxd7 12. 0-0 Nb6 13. Be5 f6 14. Bd4 Rc8 15. c3 Ke7 16. h3 Na4 17. Rd2 Rhd8 18. Rfd1 e5 19. Bxc5+ Nxc5 20. Kf1 Rxd2 21. Rxd2 Rd8 22. Ke2 Na4 23. Rc2 Ke6 24. Ke3 f5 25. c4 f4+ 26. Ke2 e4 27. Nd2 Kf5 28. c5 Ke5 1/2-1/2